000 00650nam a2200205Ia 4500
003 GCL
005 20240530104618.0
008 140319s9999 xx 000 0 ara d
040 _aGCL /
_cGCL
082 0 4 _a910.133
_bف ج
100 1 _aفتحى محمد ابوعيانة
245 1 0 _aالجغرافيا السياسية /
_cفتحى محمد ابوعيانة
300 _a380 ص
490 _aالهيئة العامة للاستعلامات
_v0
650 0 4 _aالجغرافيا
650 0 4 _aالحدود السياسية
650 0 4 _aالجغرافيا السياسية
650 0 4 _aالمنظمات الدولية
942 _2ddc
_cBK
999 _c49190
_d49190